[Event "Stay Safe Play from Home 161"]
[Site "T#646205Emanuel Laske"]
[Date "2020.05.20"]
[Round "7"]
[White "Karthikchess"]
[Black "GIULIO19031975"]
[Result "1-0"]
[WhiteElo "2508"]
[BlackElo "1843"]
[Annotator "NA"]
[PlyCount "89"]
[EventDate "2020.05.20"]
[EventType "swiss (blitz)"]

1. b3 {[%emt 0:00:01]} d5 {[%emt 0:00:01]} 2. Bb2 {[%emt 0:00:00]} Nc6 {[%emt 0:00:01]} 3. e3 {[%emt 0:00:01]} Nf6 {[%emt 0:00:00]} 4. Nf3 {[%emt 0:00:01]} e5 {[%emt 0:00:00]} 5. Bb5 {[%emt 0:00:01]} e4 {[%emt 0:00:00]} 6. Nd4 {[%emt 0:00:01]} Bd7 {[%emt 0:00:01]} 7. Nxc6 {[%emt 0:00:00]} bxc6 {[%emt 0:00:01]} 8. Be2 {[%emt 0:00:00]} Bd6 {[%emt 0:00:01]} 9. d3 {[%emt 0:00:00]} O-O {[%emt 0:00:01]} 10. Nd2 {[%emt 0:00:01]} exd3 {[%emt 0:00:01]} 11. cxd3 {[%emt 0:00:01]} c5 {[%emt 0:00:00]} 12. Qc2 {[%emt 0:00:00]} Bb5 {[%emt 0:00:01]} 13. h3 {[%emt 0:00:02]} Ba6 {[%emt 0:00:01]} 14. Nf3 {[%emt 0:00:01]} c6 {[%emt 0:00:01]} 15. O-O {[%emt 0:00:01]} Bb8 {[%emt 0:00:01]} 16. Rac1 {[%emt 0:00:00]} Qc7 {[%emt 0:00:01]} 17. Ba3 {[%emt 0:00:01]} Re8 {[%emt 0:00:01]} 18. Bxc5 {[%emt 0:00:01]} Bb7 {[%emt 0:00:01]} 19. Bd4 {[%emt 0:00:01]} Qd6 {[%emt 0:00:02]} 20. Qb2 {[%emt 0:00:01]} Bc7 {[%emt 0:00:01]} 21. Rc2 {[%emt 0:00:02]} Bb6 {[%emt 0:00:04]} 22. Rfc1 {[%emt 0:00:01]} Bxd4 {[%emt 0:00:01]} 23. Qxd4 {[%emt 0:00:00]} Rac8 {[%emt 0:00:02]} 24. e4 {[%emt 0:00:01]} c5 {[%emt 0:00:02]} 25. Rxc5 {[%emt 0:00:01]} dxe4 {[%emt 0:00:01]} 26. Qxd6 {[%emt 0:00:01]} exf3 {[%emt 0:00:02]} 27. Bxf3 {[%emt 0:00:01]} Bxf3 {[%emt 0:00:02]} 28. gxf3 {[%emt 0:00:00]} Rcd8 {[%emt 0:00:01]} 29. Qg3 {[%emt 0:00:01]} h6 {[%emt 0:00:02]} 30. Rc6 {[%emt 0:00:02]} Nd5 {[%emt 0:00:02]} 31. Rd6 {[%emt 0:00:02]} Rxd6 {[%emt 0:00:02]} 32. Qxd6 {[%emt 0:00:00]} Nf6 {[%emt 0:00:00]} 33. Qc6 {[%emt 0:00:01]} Re6 {[%emt 0:00:01]} 34. Qa8+ {[%emt 0:00:01]} Kh7 {[%emt 0:00:01]} 35. Rc8 {[%emt 0:00:01]} Kg6 {[%emt 0:00:02]} 36. f4 {[%emt 0:00:01]} Kf5 {[%emt 0:00:02]} 37. Qf3 {[%emt 0:00:02]} Kg6 {[%emt 0:00:02]} 38. Rc5 {[%emt 0:00:00]} Kh7 {[%emt 0:00:01]} 39. f5 {[%emt 0:00:00]} Rd6 {[%emt 0:00:01]} 40. Qa8 {[%emt 0:00:01]} h5 {[%emt 0:00:01]} 41. Rc8 {[%emt 0:00:01]} Kh6 {[%emt 0:00:01]} 42. f4 {[%emt 0:00:01]} h4 {[%emt 0:00:02]} 43. Rh8+ {[%emt 0:00:01]} Nh7 {[%emt 0:00:01]} 44. Qg8 {[%emt 0:00:00]} Rf6 {[%emt 0:00:02]} 45. Qxh7# {[%emt 0:00:01] (Lag: Av=0.43s, max=0.6s)} 1-0

[Event "Stay Safe Play from Home 161"]
[Site "T#646205Emanuel Laske"]
[Date "2020.05.20"]
[Round "7"]
[White "Mosti"]
[Black "Klari64"]
[Result "1-0"]
[WhiteElo "2458"]
[BlackElo "2318"]
[Annotator "NA"]
[PlyCount "139"]
[EventDate "2020.05.20"]
[EventType "swiss (blitz)"]

1. d4 {[%emt 0:00:01]} Nf6 {[%emt 0:00:01]} 2. Nf3 {[%emt 0:00:00]} g6 {[%emt 0:00:00]} 3. g3 {[%emt 0:00:00]} Bg7 {[%emt 0:00:00]} 4. Bg2 {[%emt 0:00:00]} Kf8 {[%emt 0:00:00]} 5. O-O {[%emt 0:00:01]} c5 {[%emt 0:00:00]} 6. b3 {[%emt 0:00:00]} cxd4 {[%emt 0:00:00]} 7. Nxd4 {[%emt 0:00:01]} Nc6 {[%emt 0:00:01]} 8. Bb2 {[%emt 0:00:00]} Nxd4 {[%emt 0:00:01]} 9. Bxd4 {[%emt 0:00:00]} Nh5 {[%emt 0:00:01]} 10. e3 {[%emt 0:00:02]} Bxd4 {[%emt 0:00:02]} 11. Qxd4 {[%emt 0:00:00]} Nf6 {[%emt 0:00:00]} 12. c4 {[%emt 0:00:01]} Kg7 {[%emt 0:00:00]} 13. Nc3 {[%emt 0:00:00]} d6 {[%emt 0:00:00]} 14. Rad1 {[%emt 0:00:01]} Qc7 {[%emt 0:00:01]} 15. Nd5 {[%emt 0:00:01]} Qd8 {[%emt 0:00:01]} 16. Nxf6 {[%emt 0:00:01]} exf6 {[%emt 0:00:00]} 17. Qxd6 {[%emt 0:00:01]} Qxd6 {[%emt 0:00:00]} 18. Rxd6 {[%emt 0:00:01]} Rb8 {[%emt 0:00:00]} 19. Rfd1 {[%emt 0:00:01]} Bg4 {[%emt 0:00:00]} 20. f3 {[%emt 0:00:01]} Bf5 {[%emt 0:00:01]} 21. e4 {[%emt 0:00:01]} Be6 {[%emt 0:00:01]} 22. Kf2 {[%emt 0:00:00]} b5 {[%emt 0:00:01]} 23. cxb5 {[%emt 0:00:02]} Rxb5 {[%emt 0:00:01]} 24. Bf1 {[%emt 0:00:00]} Ra5 {[%emt 0:00:01]} 25. R1d2 {[%emt 0:00:01]} Rc8 {[%emt 0:00:00]} 26. h4 {[%emt 0:00:01]} Rc1 {[%emt 0:00:00]} 27. Be2 {[%emt 0:00:09]} Ra1 {[%emt 0:00:01]} 28. Bc4 {[%emt 0:00:00]} Bxc4 {[%emt 0:00:02]} 29. bxc4 {[%emt 0:00:00]} R1xa2 {[%emt 0:00:00]} 30. Ke3 {[%emt 0:00:01]} Rxd2 {[%emt 0:00:02]} 31. Rxd2 {[%emt 0:00:00]} Rc5 {[%emt 0:00:01]} 32. Kd4 {[%emt 0:00:01]} Rc8 {[%emt 0:00:01] Klari64 bietet Remis} 33. Ra2 {[%emt 0:00:01]} Rc7 {[%emt 0:00:01]} 34. c5 {[%emt 0:00:01]} Kf8 {[%emt 0:00:01]} 35. Kd5 {[%emt 0:00:00]} Ke7 {[%emt 0:00:00]} 36. Ra6 {[%emt 0:00:01]} f5 {[%emt 0:00:03]} 37. exf5 {[%emt 0:00:01]} gxf5 {[%emt 0:00:00]} 38. c6 {[%emt 0:00:00]} f6 {[%emt 0:00:03]} 39. Kc5 {[%emt 0:00:01]} Ke6 {[%emt 0:00:01]} 40. Ra5 {[%emt 0:00:01]} Ke5 {[%emt 0:00:01]} 41. Rb5 {[%emt 0:00:01]} a6 {[%emt 0:00:05]} 42. Ra5 {[%emt 0:00:02]} Rc8 {[%emt 0:00:00]} 43. Kb6+ {[%emt 0:00:02]} Kd6 {[%emt 0:00:01]} 44. Kxa6 {[%emt 0:00:05]} Rxc6+ {[%emt 0:00:01]} 45. Kb7 {[%emt 0:00:00]} Rc7+ {[%emt 0:00:01]} 46. Kb8 {[%emt 0:00:01]} Rc5 {[%emt 0:00:00]} 47. Ra6+ {[%emt 0:00:01]} Ke5 {[%emt 0:00:01]} 48. f4+ {[%emt 0:00:00]} Ke4 {[%emt 0:00:02]} 49. Rxf6 {[%emt 0:00:00]} Rc3 {[%emt 0:00:01]} 50. Rh6 {[%emt 0:00:01]} Rxg3 {[%emt 0:00:00]} 51. Rxh7 {[%emt 0:00:00]} Kxf4 {[%emt 0:00:00]} 52. h5 {[%emt 0:00:00]} Rc3 {[%emt 0:00:02]} 53. Kb7 {[%emt 0:00:01]} Kf3 {[%emt 0:00:01]} 54. Rh8 {[%emt 0:00:00]} f4 {[%emt 0:00:01]} 55. h6 {[%emt 0:00:00]} Kf2 {[%emt 0:00:01]} 56. h7 {[%emt 0:00:01]} f3 {[%emt 0:00:01]} 57. Rf8 {[%emt 0:00:02]} Rb3+ {[%emt 0:00:02]} 58. Kc6 {[%emt 0:00:01]} Rc3+ {[%emt 0:00:00]} 59. Kd6 {[%emt 0:00:00]} Rc1 {[%emt 0:00:02]} 60. h8=Q {[%emt 0:00:00]} Rd1+ {[%emt 0:00:01]} 61. Ke7 {[%emt 0:00:00]} Re1+ {[%emt 0:00:00]} 62. Kf7 {[%emt 0:00:00]} Rg1 {[%emt 0:00:01]} 63. Qg7 {[%emt 0:00:00]} Rg2 {[%emt 0:00:00]} 64. Qf6 {[%emt 0:00:00]} Rg3 {[%emt 0:00:01]} 65. Ke7 {[%emt 0:00:00]} Kg2 {[%emt 0:00:01]} 66. Qf5 {[%emt 0:00:00]} f2 {[%emt 0:00:01]} 67. Qxf2+ {[%emt 0:00:00]} Kh3 {[%emt 0:00:01]} 68. Qf4 {[%emt 0:00:00]} Kg2 {[%emt 0:00:01]} 69. Qf5 {[%emt 0:00:00]} Kh2 {[%emt 0:00:01]} 70. Qf6 {[%emt 0:00:00] Zeit (Lag: Av=0.30s, max=0.7s)} 1-0

[Event "Stay Safe Play from Home 161"]
[Site "T#646205Emanuel Laske"]
[Date "2020.05.20"]
[Round "7"]
[White "Toosieslide"]
[Black "Eidgenosse"]
[Result "0-1"]
[WhiteElo "2180"]
[BlackElo "2426"]
[PlyCount "112"]
[EventDate "2020.05.20"]
[EventType "swiss (blitz)"]

1. d4 {[%emt 0:00:04]} Nf6 {[%emt 0:00:01]} 2. c4 {[%emt 0:00:00]} g6 {[%emt 0:00:00]} 3. Nc3 {[%emt 0:00:00]} Bg7 {[%emt 0:00:00]} 4. e4 {[%emt 0:00:00]} O-O {[%emt 0:00:00]} 5. f3 {[%emt 0:00:00]} d6 {[%emt 0:00:00]} 6. Be3 {[%emt 0:00:00]} Nc6 {[%emt 0:00:00]} 7. Nge2 {[%emt 0:00:00]} a6 {[%emt 0:00:00]} 8. Qd2 {[%emt 0:00:01]} Rb8 {[%emt 0:00:00]} 9. g3 {[%emt 0:00:01]} b5 {[%emt 0:00:03]} 10. Nc1 {[%emt 0:00:01]} e5 {[%emt 0:00:01]} 11. d5 {[%emt 0:00:02]} Nd4 {[%emt 0:00:00]} 12. Bg2 {[%emt 0:00:03]} bxc4 {[%emt 0:00:01]} 13. O-O {[%emt 0:00:03]} Nd7 {[%emt 0:00:00]} 14. N1e2 {[%emt 0:00:01]} Nxe2+ {[%emt 0:00:04]} 15. Qxe2 {[%emt 0:00:01]} a5 {[%emt 0:00:01]} 16. Rab1 {[%emt 0:00:01]} Nb6 {[%emt 0:00:02]} 17. a4 {[%emt 0:00:04]} Bd7 {[%emt 0:00:01]} 18. Bxb6 {[%emt 0:00:03]} Rxb6 {[%emt 0:00:01]} 19. Qxc4 {[%emt 0:00:00]} Rb4 {[%emt 0:00:01]} 20. Qd3 {[%emt 0:00:01]} Qb8 {[%emt 0:00:01]} 21. Rf2 {[%emt 0:00:03]} f5 {[%emt 0:00:01]} 22. Rc2 {[%emt 0:00:03]} Qb6+ {[%emt 0:00:01]} 23. Kh1 {[%emt 0:00:04]} Rd4 {[%emt 0:00:04]} 24. Qe2 {[%emt 0:00:02]} Bxa4 {[%emt 0:00:01]} 25. Nxa4 {[%emt 0:00:00]} Rxa4 {[%emt 0:00:00]} 26. Rc6 {[%emt 0:00:01]} Qb3 {[%emt 0:00:06]} 27. Rbc1 {[%emt 0:00:02]} fxe4 {[%emt 0:00:01]} 28. fxe4 {[%emt 0:00:01]} Ra2 {[%emt 0:00:02]} 29. Rxc7 {[%emt 0:00:03]} Rxb2 {[%emt 0:00:01]} 30. R7c2 {[%emt 0:00:01]} Rxc2 {[%emt 0:00:01]} 31. Qxc2 {[%emt 0:00:00]} Qxc2 {[%emt 0:00:01]} 32. Rxc2 {[%emt 0:00:00]} a4 {[%emt 0:00:00]} 33. Ra2 {[%emt 0:00:01]} Rb8 {[%emt 0:00:01]} 34. h4 {[%emt 0:00:02]} Rb4 {[%emt 0:00:02]} 35. Kg1 {[%emt 0:00:01]} Bh6 {[%emt 0:00:01]} 36. Kf2 {[%emt 0:00:01]} Bc1 {[%emt 0:00:00]} 37. Bf3 {[%emt 0:00:01]} a3 {[%emt 0:00:01]} 38. Be2 {[%emt 0:00:01]} Bb2 {[%emt 0:00:01]} 39. Bd3 {[%emt 0:00:02]} Rd4 {[%emt 0:00:01]} 40. Ke2 {[%emt 0:00:00]} Kf7 {[%emt 0:00:01]} 41. Ke3 {[%emt 0:00:00]} Kf6 {[%emt 0:00:00]} 42. g4 {[%emt 0:00:00]} g5 {[%emt 0:00:01]} 43. h5 {[%emt 0:00:01]} h6 {[%emt 0:00:01]} 44. Ke2 {[%emt 0:00:00]} Ke7 {[%emt 0:00:00]} 45. Ke3 {[%emt 0:00:00]} Kd8 {[%emt 0:00:00]} 46. Kd2 {[%emt 0:00:00]} Kc7 {[%emt 0:00:00]} 47. Kc2 {[%emt 0:00:00]} Kb6 {[%emt 0:00:00]} 48. Kd2 {[%emt 0:00:01]} Ka5 {[%emt 0:00:01]} 49. Kc2 {[%emt 0:00:00]} Kb4 {[%emt 0:00:00]} 50. Kd2 {[%emt 0:00:01]} Kb3 {[%emt 0:00:02]} 51. Kd1 {[%emt 0:00:01]} Rxd3+ {[%emt 0:00:01]} 52. Ke2 {[%emt 0:00:01]} Kxa2 {[%emt 0:00:00]} 53. Kxd3 {[%emt 0:00:00]} Kb3 {[%emt 0:00:00]} 54. Ke3 {[%emt 0:00:00]} a2 {[%emt 0:00:00]} 55. Ke2 {[%emt 0:00:00]} a1=Q {[%emt 0:00:00]} 56. Kf3 {[%emt 0:00:00]} Bd4 {[%emt 0:00:01] Time (Lag: Av=0.67s, max=6.3s)} 0-1

[Event "Stay Safe Play from Home 161"]
[Site "T#646205Emanuel Laske"]
[Date "2020.05.20"]
[Round "7"]
[White "Weltszmerc"]
[Black "Lamborghini"]
[Result "0-1"]
[WhiteElo "2041"]
[BlackElo "2159"]
[PlyCount "88"]
[EventDate "2020.05.20"]
[EventType "swiss (blitz)"]

1. d4 {[%emt 0:00:01]} Nf6 {[%emt 0:00:01]} 2. c4 {[%emt 0:00:00]} g6 {[%emt 0:00:00]} 3. Nf3 {[%emt 0:00:01]} Bg7 {[%emt 0:00:00]} 4. g3 {[%emt 0:00:00]} O-O {[%emt 0:00:00]} 5. Bg2 {[%emt 0:00:00]} d6 {[%emt 0:00:00]} 6. O-O {[%emt 0:00:00]} c6 {[%emt 0:00:00]} 7. Nc3 {[%emt 0:00:00]} Qa5 {[%emt 0:00:01]} 8. e4 {[%emt 0:00:01]} Bg4 {[%emt 0:00:01]} 9. Bd2 {[%emt 0:00:02]} Qh5 {[%emt 0:00:02]} 10. h4 {[%emt 0:00:02]} e5 {[%emt 0:00:01]} 11. d5 {[%emt 0:00:02]} Nbd7 {[%emt 0:00:01]} 12. Bg5 {[%emt 0:00:02]} h6 {[%emt 0:00:01]} 13. Bxf6 {[%emt 0:00:01]} Nxf6 {[%emt 0:00:00]} 14. Qd3 {[%emt 0:00:01]} cxd5 {[%emt 0:00:02]} 15. cxd5 {[%emt 0:00:01]} Rfc8 {[%emt 0:00:02]} 16. Nh2 {[%emt 0:00:01]} g5 {[%emt 0:00:01]} 17. Nxg4 {[%emt 0:00:01]} Qxg4 {[%emt 0:00:01]} 18. hxg5 {[%emt 0:00:00]} Qxg5 {[%emt 0:00:03]} 19. Rac1 {[%emt 0:00:03]} h5 {[%emt 0:00:01]} 20. Rfd1 {[%emt 0:00:02]} h4 {[%emt 0:00:01]} 21. Qd2 {[%emt 0:00:01]} Qxd2 {[%emt 0:00:01]} 22. Rxd2 {[%emt 0:00:01]} Bh6 {[%emt 0:00:00]} 23. Rdc2 {[%emt 0:00:01]} Bxc1 {[%emt 0:00:01]} 24. Rxc1 {[%emt 0:00:00]} a6 {[%emt 0:00:00]} 25. Rd1 {[%emt 0:00:02]} hxg3 {[%emt 0:00:01]} 26. fxg3 {[%emt 0:00:01]} b5 {[%emt 0:00:00]} 27. Bf1 {[%emt 0:00:02]} Kg7 {[%emt 0:00:01]} 28. Na4 {[%emt 0:00:01]} bxa4 {[%emt 0:00:02]} 29. Rd2 {[%emt 0:00:02]} Nxe4 {[%emt 0:00:01]} 30. Re2 {[%emt 0:00:01]} Nc5 {[%emt 0:00:00]} 31. Rf2 {[%emt 0:00:02]} Rab8 {[%emt 0:00:00]} 32. Bc4 {[%emt 0:00:01]} Ne4 {[%emt 0:00:01]} 33. Rc2 {[%emt 0:00:02]} Rc5 {[%emt 0:00:01]} 34. b3 {[%emt 0:00:01]} axb3 {[%emt 0:00:01]} 35. axb3 {[%emt 0:00:00]} Rb4 {[%emt 0:00:01]} 36. Re2 {[%emt 0:00:01]} Nc3 {[%emt 0:00:01]} 37. Rd2 {[%emt 0:00:02]} Rcxc4 {[%emt 0:00:02]} 38. bxc4 {[%emt 0:00:01]} Rxc4 {[%emt 0:00:00]} 39. Rc2 {[%emt 0:00:02]} a5 {[%emt 0:00:00]} 40. Kf2 {[%emt 0:00:01]} a4 {[%emt 0:00:00]} 41. Ke1 {[%emt 0:00:00]} a3 {[%emt 0:00:01]} 42. Kd2 {[%emt 0:00:01]} a2 {[%emt 0:00:01]} 43. Rxa2 {[%emt 0:00:00]} Nxa2 {[%emt 0:00:01]} 44. Kd3 {[%emt 0:00:00]} Rg4 {[%emt 0:00:00] Weltszmerc poddaje się (Lag: Av=0.63s, max=1.1s)} 0-1

[Event "Stay Safe Play from Home 161"]
[Site "T#646205Emanuel Laske"]
[Date "2020.05.20"]
[Round "7"]
[White "Haxhi Baha"]
[Black "Lazieri3"]
[Result "0-1"]
[WhiteElo "1950"]
[BlackElo "2115"]
[PlyCount "106"]
[EventDate "2020.05.20"]
[EventType "swiss (blitz)"]

1. e4 {[%emt 0:00:01]} c6 {[%emt 0:00:01]} 2. Nf3 {[%emt 0:00:01]} d5 {[%emt 0:00:00]} 3. Nc3 {[%emt 0:00:00]} dxe4 {[%emt 0:00:01]} 4. Nxe4 {[%emt 0:00:00]} Nd7 {[%emt 0:00:01]} 5. Bc4 {[%emt 0:00:03]} Ngf6 {[%emt 0:00:01]} 6. Neg5 {[%emt 0:00:01]} e6 {[%emt 0:00:00]} 7. Qe2 {[%emt 0:00:00]} Qe7 {[%emt 0:00:08]} 8. d4 {[%emt 0:00:01]} h6 {[%emt 0:00:02]} 9. Nh3 {[%emt 0:00:01]} Nb6 {[%emt 0:00:02]} 10. Bb3 {[%emt 0:00:02]} Qd8 {[%emt 0:00:01]} 11. Bd2 {[%emt 0:00:01]} Bd6 {[%emt 0:00:01]} 12. O-O-O {[%emt 0:00:02]} Bd7 {[%emt 0:00:01]} 13. c4 {[%emt 0:00:01]} c5 {[%emt 0:00:01]} 14. dxc5 {[%emt 0:00:01]} Bxc5 {[%emt 0:00:00]} 15. Bc3 {[%emt 0:00:01]} Qe7 {[%emt 0:00:04]} 16. Nf4 {[%emt 0:00:01]} O-O-O {[%emt 0:00:01]} 17. Ne5 {[%emt 0:00:01]} Ba4 {[%emt 0:00:02]} 18. Ba5 {[%emt 0:00:07]} Bxb3 {[%emt 0:00:01]} 19. axb3 {[%emt 0:00:00]} Rxd1+ {[%emt 0:00:03]} 20. Rxd1 {[%emt 0:00:00]} Rd8 {[%emt 0:00:01]} 21. Rxd8+ {[%emt 0:00:01]} Kxd8 {[%emt 0:00:00]} 22. Nfd3 {[%emt 0:00:04]} Bd4 {[%emt 0:00:03]} 23. Nf3 {[%emt 0:00:01]} e5 {[%emt 0:00:06]} 24. Nxd4 {[%emt 0:00:02]} exd4 {[%emt 0:00:00]} 25. Qxe7+ {[%emt 0:00:01]} Kxe7 {[%emt 0:00:00]} 26. Bxb6 {[%emt 0:00:00]} axb6 {[%emt 0:00:00]} 27. f3 {[%emt 0:00:01]} Nd7 {[%emt 0:00:03]} 28. Kd2 {[%emt 0:00:02]} Nc5 {[%emt 0:00:01]} 29. Nxc5 {[%emt 0:00:03]} bxc5 {[%emt 0:00:00]} 30. Kd3 {[%emt 0:00:00]} b6 {[%emt 0:00:02]} 31. b4 {[%emt 0:00:00]} Kd6 {[%emt 0:00:01]} 32. bxc5+ {[%emt 0:00:00]} bxc5 {[%emt 0:00:00]} 33. b4 {[%emt 0:00:01]} cxb4 {[%emt 0:00:01]} 34. Kxd4 {[%emt 0:00:00]} Kc6 {[%emt 0:00:01]} 35. f4 {[%emt 0:00:04]} h5 {[%emt 0:00:02]} 36. g3 {[%emt 0:00:03]} f5 {[%emt 0:00:01]} 37. h3 {[%emt 0:00:01]} Kd6 {[%emt 0:00:04]} 38. c5+ {[%emt 0:00:02]} Kc6 {[%emt 0:00:01]} 39. Kc4 {[%emt 0:00:00]} b3 {[%emt 0:00:00]} 40. Kxb3 {[%emt 0:00:01]} Kxc5 {[%emt 0:00:00]} 41. Kc3 {[%emt 0:00:01]} Kd5 {[%emt 0:00:00]} 42. Kd3 {[%emt 0:00:01]} Kc5 {[%emt 0:00:00]} 43. Ke3 {[%emt 0:00:01]} Kc4 {[%emt 0:00:01]} 44. g4 {[%emt 0:00:01]} hxg4 {[%emt 0:00:01]} 45. hxg4 {[%emt 0:00:00]} fxg4 {[%emt 0:00:00]} 46. Ke4 {[%emt 0:00:00]} Kc5 {[%emt 0:00:01]} 47. f5 {[%emt 0:00:01]} g3 {[%emt 0:00:00]} 48. Kf3 {[%emt 0:00:01]} Kd5 {[%emt 0:00:00]} 49. Kxg3 {[%emt 0:00:00]} Ke5 {[%emt 0:00:00] ' Lazieri3 offers a draw Haxhi Baha reconnected.} 50. Kg4 {[%emt 0:00:00]} Kf6 {[%emt 0:00:00]} 51. Kf4 {[%emt 0:00:01]} Kf7 {[%emt 0:00:00]} 52. Kg5 {[%emt 0:00:01]} Ke7 {[%emt 0:00:00]} 53. Kg6 {[%emt 0:00:00]} Kf8 {[%emt 0:00:00]} 0-1

[Event "Stay Safe Play from Home 161"]
[Site "T#646205Emanuel Laske"]
[Date "2020.05.20"]
[Round "7"]
[White "Emresenar"]
[Black "Mepe_Nika"]
[Result "0-1"]
[WhiteElo "1772"]
[BlackElo "2259"]
[PlyCount "64"]
[EventDate "2020.05.20"]
[EventType "swiss (blitz)"]

1. e4 {[%emt 0:00:03]} d5 {[%emt 0:00:01]} 2. Nf3 {[%emt 0:00:00]} dxe4 {[%emt 0:00:02]} 3. Ng5 {[%emt 0:00:00]} Bf5 {[%emt 0:00:02]} 4. Nc3 {[%emt 0:00:01]} Nf6 {[%emt 0:00:01]} 5. Bb5+ {[%emt 0:00:02]} c6 {[%emt 0:00:01]} 6. Bc4 {[%emt 0:00:01]} e6 {[%emt 0:00:01]} 7. O-O {[%emt 0:00:01]} h6 {[%emt 0:00:01]} 8. Nh3 {[%emt 0:00:06]} Qd4 {[%emt 0:00:01]} 9. d3 {[%emt 0:00:07]} Bxh3 {[%emt 0:00:03]} 10. gxh3 {[%emt 0:00:04]} exd3 {[%emt 0:00:03]} 11. Be3 {[%emt 0:00:01]} Qe5 {[%emt 0:00:03]} 12. Qxd3 {[%emt 0:00:03]} Bd6 {[%emt 0:00:01]} 13. f4 {[%emt 0:00:02]} Qf5 {[%emt 0:00:02]} 14. Qxd6 {[%emt 0:00:03]} Nbd7 {[%emt 0:00:01]} 15. Bd3 {[%emt 0:00:07]} Qxh3 {[%emt 0:00:01]} 16. Bc5 {[%emt 0:00:03]} Nxc5 {[%emt 0:00:01]} 17. Qxc5 {[%emt 0:00:00]} Ng4 {[%emt 0:00:02]} 18. Rf2 {[%emt 0:00:05]} Nxf2 {[%emt 0:00:01]} 19. Qxf2 {[%emt 0:00:00]} O-O {[%emt 0:00:01]} 20. Rd1 {[%emt 0:00:02]} Rad8 {[%emt 0:00:01]} 21. Bf1 {[%emt 0:00:01]} Rxd1 {[%emt 0:00:01]} 22. Nxd1 {[%emt 0:00:00]} Qg4+ {[%emt 0:00:01]} 23. Qg2 {[%emt 0:00:02]} Qxd1 {[%emt 0:00:01]} 24. Kf2 {[%emt 0:00:01]} Rd8 {[%emt 0:00:01]} 25. Bd3 {[%emt 0:00:00]} Rxd3 {[%emt 0:00:01]} 26. cxd3 {[%emt 0:00:01]} Qd2+ {[%emt 0:00:01]} 27. Kf3 {[%emt 0:00:00]} Qxd3+ {[%emt 0:00:01]} 28. Kg4 {[%emt 0:00:01]} Qg6+ {[%emt 0:00:01]} 29. Kh3 {[%emt 0:00:00]} Qxg2+ {[%emt 0:00:00]} 30. Kxg2 {[%emt 0:00:01]} f6 {[%emt 0:00:00]} 31. Kf3 {[%emt 0:00:00]} Kf7 {[%emt 0:00:00]} 32. h3 {[%emt 0:00:00]} e5 {[%emt 0:00:01]} 0-1

[Event "Stay Safe Play from Home 161"]
[Site "T#646205Emanuel Laske"]
[Date "2020.05.20"]
[Round "7"]
[White "Matanant"]
[Black "Gm27"]
[Result "1-0"]
[WhiteElo "1638"]
[BlackElo "1712"]
[Annotator "NA"]
[PlyCount "73"]
[EventDate "2020.05.20"]
[EventType "swiss (blitz)"]

1. b3 {[%emt 0:00:01]} d5 {[%emt 0:00:02]} 2. Bb2 {[%emt 0:00:00]} e6 {[%emt 0:00:00]} 3. e3 {[%emt 0:00:00]} c6 {[%emt 0:00:00]} 4. f4 {[%emt 0:00:00]} Bd6 {[%emt 0:00:01]} 5. Nf3 {[%emt 0:00:00]} Nf6 {[%emt 0:00:01]} 6. Be2 {[%emt 0:00:00]} O-O {[%emt 0:00:01]} 7. O-O {[%emt 0:00:00]} Nbd7 {[%emt 0:00:01]} 8. h3 {[%emt 0:00:00]} b6 {[%emt 0:00:01]} 9. c4 {[%emt 0:00:01]} Bb7 {[%emt 0:00:01]} 10. d4 {[%emt 0:00:01]} Qc7 {[%emt 0:00:02]} 11. Nbd2 {[%emt 0:00:01]} Ne4 {[%emt 0:00:01]} 12. Nxe4 {[%emt 0:00:02]} dxe4 {[%emt 0:00:00]} 13. Ng5 {[%emt 0:00:01]} c5 {[%emt 0:00:03]} 14. d5 {[%emt 0:00:03]} exd5 {[%emt 0:00:02]} 15. cxd5 {[%emt 0:00:01]} f6 {[%emt 0:00:07]} 16. Nxe4 {[%emt 0:00:02]} Rae8 {[%emt 0:00:05]} 17. Nxd6 {[%emt 0:00:01]} Qxd6 {[%emt 0:00:01]} 18. Qd2 {[%emt 0:00:03]} Qxd5 {[%emt 0:00:02]} 19. Bf3 {[%emt 0:00:02]} Qxd2 {[%emt 0:00:02]} 20. Rf2 {[%emt 0:00:03]} Qd6 {[%emt 0:00:06]} 21. Bxb7 {[%emt 0:00:01]} Rxe3 {[%emt 0:00:01]} 22. Ba6 {[%emt 0:00:03]} Nb8 {[%emt 0:00:02]} 23. Bc4+ {[%emt 0:00:01]} Kh8 {[%emt 0:00:00]} 24. Bc1 {[%emt 0:00:03]} Re7 {[%emt 0:00:02]} 25. Bd2 {[%emt 0:00:03]} Rfe8 {[%emt 0:00:01]} 26. f5 {[%emt 0:00:02]} Nc6 {[%emt 0:00:01]} 27. Be6 {[%emt 0:00:01]} Rxe6 {[%emt 0:00:01]} 28. fxe6 {[%emt 0:00:01]} Rxe6 {[%emt 0:00:00]} 29. Bf4 {[%emt 0:00:01]} Qd4 {[%emt 0:00:01]} 30. Raf1 {[%emt 0:00:03]} Nb4 {[%emt 0:00:01]} 31. Kh2 {[%emt 0:00:01]} Nd3 {[%emt 0:00:01]} 32. Rd2 {[%emt 0:00:02]} Re4 {[%emt 0:00:02]} 33. Bg3 {[%emt 0:00:01]} f5 {[%emt 0:00:03]} 34. Rfd1 {[%emt 0:00:00]} Re3 {[%emt 0:00:02]} 35. Bf2 {[%emt 0:00:01]} f4 {[%emt 0:00:01]} 36. Bxe3 {[%emt 0:00:01]} fxe3 {[%emt 0:00:00]} 37. Rxd3 {[%emt 0:00:00] Time (Lag: Av=0.77s, max=1.1s)} 1-0

[Event "Stay Safe Play from Home 161"]
[Site "T#646205Emanuel Laske"]
[Date "2020.05.20"]
[Round "7"]
[White "UHU4"]
[Black "Trotsky"]
[Result "1-0"]
[WhiteElo "1487"]
[BlackElo "1503"]
[Annotator "NA"]
[PlyCount "27"]
[EventDate "2020.05.20"]
[EventType "swiss (blitz)"]

1. d4 {[%emt 0:00:02]} d6 {[%emt 0:00:01]} 2. c4 {[%emt 0:00:02]} d5 {[%emt 0:00:01]} 3. cxd5 {[%emt 0:00:01]} Qxd5 {[%emt 0:00:01]} 4. Nc3 {[%emt 0:00:01]} Qd8 {[%emt 0:00:02]} 5. e4 {[%emt 0:00:01]} e6 {[%emt 0:00:01]} 6. Nf3 {[%emt 0:00:01]} c5 {[%emt 0:00:01]} 7. d5 {[%emt 0:00:02]} exd5 {[%emt 0:00:01]} 8. exd5 {[%emt 0:00:01]} Bd6 {[%emt 0:00:01]} 9. Bd3 {[%emt 0:00:02]} Nf6 {[%emt 0:00:01]} 10. O-O {[%emt 0:00:01]} Qc7 {[%emt 0:00:01]} 11. Bg5 {[%emt 0:00:02]} a6 {[%emt 0:00:01]} 12. Re1+ {[%emt 0:00:02]} Kf8 {[%emt 0:00:09]} 13. Qe2 {[%emt 0:00:03]} Ng4 {[%emt 0:00:06]} 14. Qe8# {[%emt 0:00:02] (Lag: Av=0.38s, max=0.7s)} 1-0